Die Top 16 der PDC Order of Merit 2021 - Statistiken

Allgemein
  • Dieses Quiz wurde 63 mal gespielt
  • Das Durchschnittsergebnis liegt bei 12 aus 16
Antwortstatistiken
Weltranglistenplatz Land Dartsspieler % Korrekt
1 Wales Gerwyn Price
96%
3 Niederlande Michael van Gerwen
95%
2 Schottland Peter Wright
93%
5 Belgien Dimitri van den Bergh
88%
6 Schottland Gary Anderson
88%
9 England Michael Smith
88%
7 Portugal Jose de Sousa
84%
4 England James Wade
80%
12 Polen Krzysztof Ratajski
79%
8 Wales Jonny Clayton
77%
11 England Rob Cross
68%
14 England Dave Chisnall
59%
10 England Nathan Aspinall
59%
13 England Joe Cullen
57%
16 England Stephen Bunting
41%
15 England Ryan Searle
36%
Keine übereinstimmenden Quizze gefunden
Verteilung der Resultate
Anzahl Personen mit jedem Resultat
Perzentil nach korrekt beantworteten Fragen
Ihre Resultats-Entwicklung
Sie haben dieses Quiz noch nicht gespielt